000 01244nam a2200373 c 4500
999 _c51148
_d51148
001 51148
003 ES-MaCES
005 20190510040009.0
008 190214s2019 sp 000 | spa d
017 _aAB 5-2019
_bDL
020 _a9788417310523
040 _aES-MaCES
_bspa
_cES-MaCES
100 1 _939466
_aIspizua Dorna, Enea
245 1 4 _aLas mejoras voluntarias de la Seguridad Social en España
_b: un estudio de la negociación colectiva
_cEnea Ispizua Dorna
250 _a1ª ed
260 _aAlbacete
_bBomarzo
_c2019
300 _a215 p.
_c24 cm
490 1 _aColección Estudios
541 _cCompra
650 4 _aprotección complementaria
_930466
650 4 _aprotección social
_929076
650 4 _aseguridad social
_927034
650 4 _arégimen universal de prestaciones
_930153
650 4 _anegociación colectiva
_928362
650 4 _aconvenio colectivo
_928361
650 4 _aderecho del trabajo
_927165
650 4 _alegislación de seguridad social
_929855
650 4 _aEspaña
_926964
650 4 _arégimen jurídico
_929894
653 1 0 _aDerecho del trabajo y Seguridad Social
830 0 _aColección Estudios (Editorial Bomarzo)
_939568
902 _aLIB Libro
942 _2CES
_cBK
_h6.0.1.